000 01282nam0a2200325 4500
001 RU\NLR\bibl\3402
005 20260406052913.0
010 _a5-87488-010-0
_93000
021 _aRU
_b98-1130
_957
035 _a(NLR Aleph) 000003283
090 _a6900
_c6900
100 _a19980716d1997 |||y0rusy50 ca
101 1 _arus
_ceng
102 _aRU
105 _a|||||||||||||
200 1 _aПолет орла
_e[Сб. текстов бесед]
_fДжидду Кришнамурти
_g[Пер. с англ. З.К. Жанэ]
210 _aМ.
_cРазум
_d1997
215 _a255 с.
_cпортр.
_d16
300 _aЗагл. ориг.: The Flight of the Eagle
320 _aКн. Джидду Кришнамурти: с. 232-253
454 0 _12001#$aThe Flight of the Eagle$zeng
_tThe Flight of the Eagle
600 1 _aКришнамурти
_bД.
_f1895 - 1986
_gДжидду
_91426417
_3RU\NLR\auth\66602440
606 0 _aРелигиозная философия
_yИндия
_z20 в.
_92078120
_3RU\NLR\auth\661253944
686 _aЮ3(5Ид)6-678
700 1 _4070
_8rus
_7ca
_aКришнамурти
_bД.
_f1895-1986
_gДжидду
_3RU\NLR\auth\777765
_9117696
801 0 _aRU
_bNLR
_c19980716
_gPSBO
801 1 _aRU
_bNLR
_c19980716
852 _aNLR
_j98-2/280
942 _cBOOK
980 _aNB